000 00501nam a2200169Ia 4500
003 GCL
008 140319s9999 xx 000 0 ara d
040 _aGCL /
_cGCL
082 0 4 _a276.5
_bص ا
100 1 _aصموئيل حبيب
245 1 0 _aامام العرش , ط4 /
_cصموئيل حبيب
260 _a[S.N] :
_bدار الثقافة العربية ،
_c1988
300 _a64 ص
490 _aسلسلة الموضوعات الكتابية
_v0
650 0 4 _aالصلاة
942 _2ddc
_cBK
999 _c53942
_d53942